00870nam a2200241Ia 4500003000400000005001700004008004100021020002900062040001700091082001800108100002200126245006100148250001100209260002500220300002100245650002400266650002600290650002300316942000900339952014000348952012700488999001300615IIN20250430124119.0231217s9999 xx acd 000 0 eng d cRs.795.00a9788194523475 aIINbEnglish a610.73 bTHR1 aThresyamma, C.P. 1 aEssentials of Basic Nursing Procedures/cC.P. Thresyamma a2nd ed bCBSaNew Delhic2021 axvi [3] 4-999 p.1 aFoundationvNursing1 aFundamentalsvNursing1 aNursing Procedures cBOOK 00102ddc40708PURCHaIINbIINcGENd2023-12-17g795.00l1o610.73 THRp274r2024-01-11 18:41:27s2024-01-10t1w2023-12-17yBOOK 00102ddc40708PURCHaIINbIINcGENd2025-03-11g895.00l0o610.73 THRp1956r2025-04-30 12:42:21t2w2025-04-30yBOOK c279d279